Т. 1 : Абрикос - Ель; Сельскохозяйственная энциклопедия

Մատենագիտական մանրամասներ
Parent link:Сельскохозяйственная энциклопедия: в [4] т.. Т. 1 : Абрикос - Ель.— 2-е изд., перераб..— , 1937-
Այլ հեղինակներ: Милютин В. П. Владимир Павлович (редактор)
Լեզու:ռուսերեն
Հրապարակվել է: 1937
Խորագրեր:
Ձևաչափ: MixedMaterials Գիրք
KOHA link:https://koha.lib.tpu.ru/cgi-bin/koha/opac-detail.pl?biblionumber=268430

MARC

LEADER 00000nam2a2200000 4500
001 268430
005 20231101234151.0
035 |a (RuTPU)RU\TPU\book\291581 
090 |a 268430 
100 |a 20140903d1937 km y0rusy50 ca 
101 0 |a rus 
102 |a RU 
105 |a acf f 000zy 
200 0 |a Т. 1 : Абрикос - Ель  |f гл. ред. В. П. Милютин 
210 |d 1937 
215 |a VIII, 496 с., [15] вкл. л.  |c ил. 
461 1 |0 (RuTPU)RU\TPU\book\291569  |t Сельскохозяйственная энциклопедия  |o в [4] т.  |v Т. 1 : Абрикос - Ель  |e 2-е изд., перераб.  |d 1937- 
516 1 |a Т. 1: А - Е 
610 1 |a энциклопедические издания 
610 1 |a сельское хозяйство 
702 1 |a Милютин  |b В. П.  |c российский политический деятель  |c первый нарком земледелия  |f 1884-1937  |g Владимир Павлович  |2 stltpush  |3 (RuTPU)RU\TPU\pers\14132  |4 340  |9 4600 
801 1 |a RU  |b 63413507  |c 20140903 
801 2 |a RU  |b 63413507  |c 20221125  |g RCR 
942 |c BK